| Tag |
First Indicator |
Second Indicator |
Subfields |
| LEADER |
00000cam a2200000Ia 4500 |
| 001 |
in00002665821 |
| 005 |
20151202113551.0 |
| 008 |
101201s1781 sz 000 p fre d |
| 035 |
|
|
|a (OCoLC)ocn688476235
|
| 035 |
|
|
|a (OCoLC)688476235
|
| 040 |
|
|
|a TXA
|c TEF
|d UtOrBLW
|
| 049 |
|
|
|a TXAM
|
| 050 |
|
4 |
|a PQ2080.P7
|b 1781
|
| 090 |
|
|
|a PQ2080
|b .P7 1781
|
| 100 |
1 |
|
|a Voltaire,
|d 1694-1778.
|
| 245 |
1 |
3 |
|a La Pucelle d'Orléans :
|b poëme avec des notes.
|
| 250 |
|
|
|a Nouv. éd., divisée en vingt-deux chants, dans laquelle on a restitué les morceaux retranchés mal-à-propos dans les précédentes, augm. d'une Variante ...
|
| 264 |
|
1 |
|a En Suisse :
|b [publisher not identified],
|c 1781.
|
| 300 |
|
|
|a xi, 455 pages :
|b illustrations ;
|c 17 cm.
|
| 336 |
|
|
|a text
|b txt
|2 rdacontent
|
| 337 |
|
|
|a unmediated
|b n
|2 rdamedia
|
| 338 |
|
|
|a volume
|b nc
|2 rdacarrier
|
| 948 |
|
|
|a cataloged
|b h
|c 2011/1/4
|d c
|e hgolay
|f 2:18:27 pm
|
| 994 |
|
|
|a C0
|b TXA
|
| 999 |
|
|
|a MARS
|
| 999 |
f |
f |
|s 91676356-9510-3df6-ab27-b487ea7c8d73
|i 02e84970-2eb2-3b12-8352-4b327db77c08
|t 0
|
| 952 |
f |
f |
|p noncirc
|a Texas A&M University
|b College Station
|c Cushing Memorial Library & Archives
|d Cushing: Dawson French (Does not check out)
|t 0
|e PQ2080 .P7 1781
|h Library of Congress classification
|i unmediated -- volume
|
| 998 |
f |
f |
|a PQ2080 .P7 1781
|t 0
|l Cushing: Dawson French (Does not check out)
|